| 000 | 00000nam##2200000za#4500 |
| 001 | 9.616558 |
| 003 | CaOODSP |
| 005 | 20200327143514 |
| 007 | ta |
| 008 | 150406|2003||||xxc||||| f|0| 0 eng|d |
| 022 | |a0706-6457 |
| 040 | |aCaOODSP|beng |
| 043 | |an-cn--- |
| 086 | 1 |aFs97-6/2464E |
| 110 | 1 |aCanada. |bDepartment of Fisheries and Oceans. |
| 245 | 10|aTemporal variation of stream and intragravel water temperatures in an Atlantic salmon (Salmo salar) spawning area in Catamaran Brook (New Brunswick) / |cby Daniel Caissie and Donna J. Giberson. |
| 260 | |aOttawa - Ontario : |bFisheries and Oceans Canada |c2003. |
| 300 | |av, 20p. : |bgraphs, references, tables ; |c28 cm. |
| 490 | 1 |aCanadian technical report of fisheries and aquatic sciences|x0706-6457|v2464 |
| 500 | |a"Department of Fisheries and Oceans, Gulf Fisheries Centre, Science Branch, Diadromous Fish Division, P.O. Box 5030, Moncton, NB C1A 4P3". |
| 546 | |a(Textes d'introduction en anglais et en français.) |
| 563 | |aRing binding |
| 590 | |a03-42|b2003-10-17 |
| 690 | 07|aWeather|2gcpds |
| 720 | 1 |aGiberson, D. J. |
| 720 | 1 |aStobo, Wayne T. |
| 776 | 0#|tTemporal variation of stream and intragravel water temperatures in an Atlantic salmon (Salmo salar) spawning area in Catamaran Brook (New Brunswick) / |w(CaOODSP)9.574071 |
| 830 | #0|aCanadian technical report of fisheries and aquatic sciences,|x0706-6457|v2464|w(CaOODSP)9.514691 |